000 00568nam a2200205Ia 4500
005 20250326144932.0
008 250326s9999 xx 000 0 und d
020 _a0-13-284100-2
037 _aTextbook
040 _aFMSL
_beng
_cFMSL
041 _aeng
_2eng
084 _aX8(A).7 N0;2
_qFMSL
100 _aBuchholz R A
_9313770
245 0 _aEssentials of public policy for management
_cBuchholz R A
250 _a2
260 _aNew
_bNew, Jersy Prentice Hall
_c1990
300 _a268p
942 _cTB
_hX8(A).7 N0;2
999 _c1305692
_d1305692